000 00331nam a2200133Ia 4500
005 20260328104340.0
008 260328s9999||||xx |||||||||||||| ||und||
100 _aRestrepo, María Lía
245 0 _aEl Pórtico hecho a mano /
_cMaría Lía Restrepo
260 _bPrinter
300 _a59 p.
650 _aPUERTAS
942 _cBK
999 _c12054
_d12054